| 000 | 00451nam a22001217a 4500 | ||
|---|---|---|---|
| 999 |
_c65633 _d65630 |
||
| 100 |
_aMs Mehtab Baganhar _a17ME08 _aSupervisor - Prof.Dr. Muhmammad Ramazan Luhar |
||
| 245 | _aDesign and Performance Analysis of Micro Horizontal Axis Wind Trbine in Nawabhsah Wind Conditions (Me Thesis) | ||
| 260 |
_aNawabshah _bQUEST _c2019 |
||
| 300 | _a49 | ||
| 700 | _aDepartment of Mechanical Engineering | ||
| 856 | _uhttp://tinyurl.com/ykaw2nvn | ||
| 942 | _cTHESIS | ||